Geometry Dash Extreme Demons - Statistiques

Statistiques générales
  • Ce quiz a été pris 142 fois
  • Le résultat moyen est 7 sur 10
Statistiques - réponses
Top Name % Correct
4- Tidal Wave
95%
2- Amethyst
86%
3- Flamewall
84%
1- Thinking Space II
80%
5- Nullscapes
72%
7- Every End
65%
6- Boobawamba
61%
9- Silent Clubstep
61%
8- Andromeda
58%
10- Anathema
53%
Aucun quiz correspondant
Distribution des résultats
% des personnes avec chaque résultat
Percentile par nombre de réponses
Votre historique - résultats
Vous n’avez pas pris ce quiz